000
00262nam a22001217a 4500
008
181009b xxu||||| |||| 00| 0 eng d
041
_a
eng
080
_a
316
100
_a
50
101
_a
PSI
245
_a
Women In Latin America
_c
Wall.B
942
_2
udc
_c
BK
999
_c
49202
_d
49202